MLB 2023 Starting Lineups - Statistics

General Stats
  • This quiz has been taken 331 times
  • The average score is 129 of 300
Answer Stats
Team # Player PO % Correct
Arizona Diamondbacks 2 Ketel Marte 2B
81%
Houston Astros 3 Yordan Alvarez LF
81%
Atlanta Braves 1 Ronald Acuna Jr. RF
80%
Philadelphia Phillies 1 Trea Turner SS
79%
Boston Red Sox 3 Justin Turner DH
78%
New York Mets 2 Starling Marte RF
78%
Houston Astros 2 Alex Bregman 3B
77%
Atlanta Braves 2 Matt Olson 1B
77%
Los Angeles Angels 2 Mike Trout CF
76%
Atlanta Braves 4 Ozzie Albies 2B
76%
Houston Astros 1 Jeremy Pena SS
74%
Los Angeles Angels 3 Shohei Ohtani DH
74%
Los Angeles Angels P Shohei Ohtani P
74%
Atlanta Braves 3 Austin Riley 3B
73%
Kansas City Royals 1 Bobby Witt Jr. SS
73%
Los Angeles Dodgers 2 Freddie Freeman 1B
73%
Philadelphia Phillies 3 J.T. Realmuto C
73%
Houston Astros 5 Kyle Tucker RF
73%
Los Angeles Dodgers 3 Will Smith C
73%
Washington Nationals 4 Dominic Smith 1B
72%
Texas Rangers 9 Josh H. Smith LF
72%
Los Angeles Dodgers 1 Mookie Betts RF
72%
Miami Marlins 7 Bryan De La Cruz LF
71%
Cleveland Guardians 4 Josh Bell DH
71%
San Diego Padres 3 Manny Machado 3B
71%
Philadelphia Phillies P Aaron Nola P
70%
San Diego Padres 7 Austin Nola C
70%
Arizona Diamondbacks 4 Christian Walker 1B
70%
Kansas City Royals 3 Salvador Perez C
70%
Seattle Mariners 2 Julio Rodriguez CF
69%
Pittsburgh Pirates 1 O'Neil Cruz SS
69%
San Francisco Giants 9 Roberto Perez C
69%
Detroit Tigers P Eduardo Rodriguez P
68%
St. Louis Cardinals 8 Jordan Walker RF
68%
San Diego Padres 2 Juan Soto LF
68%
Philadelphia Phillies 2 Kyle Schwarber DH
68%
Arizona Diamondbacks P Zac Gallen P
68%
Houston Astros 4 Jose Abreu 1B
66%
Atlanta Braves P Max Fried P
66%
Atlanta Braves 7 Michael Harris II CF
66%
Boston Red Sox 2 Rafael Devers 3B
66%
New York Yankees 2 Aaron Judge CF
65%
Baltimore Orioles 1 Cedric Mullins CF
65%
Atlanta Braves 5 Sean Murphy C
65%
Baltimore Orioles 2 Adley Rutschman C
64%
Los Angeles Angels 4 Anthony Rendon 3B
64%
Milwaukee Brewers 1 Christian Yelich LF
64%
Arizona Diamondbacks 7 Corbin Carroll CF
64%
Houston Astros P Framber Valdez P
64%
Milwaukee Brewers 8 Brian Anderson RF
63%
Chicago White Sox 1 Tim Anderson SS
63%
Colorado Rockies 4 C.J. Cron 1B
62%
Chicago Cubs 2 Dansby Swanson SS
62%
Tampa Bay Rays 5 Harold Ramirez DH
62%
Cleveland Guardians 3 Jose Ramirez 3B
62%
Atlanta Braves 6 Marcell Ozuna LF
62%
St. Louis Cardinals 4 Nolan Arenado 3B
62%
New York Mets 4 Pete Alonso 1B
62%
Toronto Blue Jays 3 Vladimir Guerrero Jr. 1B
62%
Pittsburgh Pirates 2 Bryan Reynolds CF
61%
New York Mets 3 Francisco Lindor SS
61%
New York Yankees P Gerrit Cole P
61%
Arizona Diamondbacks 3 Lourdes Gurriel Jr. LF
61%
St. Louis Cardinals 3 Paul Goldschmidt 1B
61%
San Diego Padres 4 Xander Bogaerts SS
61%
Toronto Blue Jays 2 Bo Bichette SS
60%
Pittsburgh Pirates 8 Ji-Hwan Bae 2B
60%
Minnesota Twins 2 Carlos Correa SS
59%
Chicago Cubs 4 Cody Bellinger CF
59%
Milwaukee Brewers P Corbin Burnes P
59%
Boston Red Sox 9 Enrique Hernandez SS
59%
Seattle Mariners 4 Teoscar Hernández RF
59%
Milwaukee Brewers 5 William Contreras C
59%
Texas Rangers 2 Corey Seager SS
58%
Chicago White Sox 2 Luis Robert Jr. CF
58%
St. Louis Cardinals 5 Wilson Contreras C
58%
New York Yankees 3 Anthony Rizzo 1B
57%
San Francisco Giants 7 Brandon Crawford SS
57%
New York Yankees 4 Giancarlo Stanton RF
57%
Seattle Mariners 9 J.P. Crawford SS
57%
Philadelphia Phillies 7 Alec Bohm 2B
56%
Oakland Athletics 3 Aledmys Díaz SS
56%
Colorado Rockies 7 Elias Diaz C
56%
Los Angeles Dodgers P Julio Urias P
56%
Los Angeles Dodgers 4 Max Muncy 3B
56%
New York Mets P Max Scherzer P
56%
Philadelphia Phillies 5 Nick Castellanos DH
56%
Tampa Bay Rays 1 Yandy Diaz 1B
56%
Houston Astros 6 Yanier Diaz DH
56%
Colorado Rockies 1 Yonathan Diaz CF
56%
Texas Rangers 4 Adolis Garcia CF
55%
Miami Marlins 6 Avisail Garcia RF
55%
Texas Rangers P Jacob deGrom P
55%
Washington Nationals 7 Luis Garcia 2B
55%
Milwaukee Brewers 6 Luis Urias 3B
55%
Texas Rangers 1 Marcus Semien 2B
55%
Baltimore Orioles 6 Ramon Urias 3B
55%
Miami Marlins 4 Jazz Chisholm Jr. CF
54%
Miami Marlins P Sandy Alcantara P
54%
San Diego Padres P Blake Snell P
53%
Philadelphia Phillies 9 Brandon Marsh CF
53%
San Diego Padres 8 Ha-Seong Kim 2B
53%
San Diego Padres 5 Jake Cronenworth 1B
53%
Cleveland Guardians P Shane Bieber P
53%
Atlanta Braves 9 Orlando Arcia SS
52%
Baltimore Orioles 4 Ryan Mountcastle 1B
52%
San Diego Padres 1 Trent Grisham CF
52%
Tampa Bay Rays 2 Wander Franco SS
52%
Toronto Blue Jays 5 Alejandro Kirk C
51%
New York Yankees 9 Anthony Volpe SS
51%
Toronto Blue Jays 1 George Springer CF
51%
Detroit Tigers 2 Javier Baez SS
51%
Cincinnati Reds 1 Jonathan India 2B
51%
San Francisco Giants P Logan Webb P
51%
Houston Astros 8 Martin Maldonado C
51%
Toronto Blue Jays 7 Matt Chapman 3B
51%
Boston Red Sox 1 Alex Verdugo RF
50%
Philadelphia Phillies 6 Bryson Stott 3B
50%
New York Yankees 5 Josh Donaldson 3B
50%
Minnesota Twins 3 Byron Buxton DH
49%
Chicago White Sox P Dylan Cease P
49%
Baltimore Orioles 5 Gunnar Henderson DH
49%
New York Mets 5 Jeff McNeil 2B
49%
Tampa Bay Rays 7 Brandon Lowe 2B
48%
New York Mets 1 Brandon Nimmo CF
48%
Los Angeles Dodgers 5 J.D. Martinez DH
48%
Detroit Tigers 7 Miguel Cabrera DH
48%
Texas Rangers 3 Nathaniel Lowe 1B
48%
Baltimore Orioles 3 Anthony Santander LF
47%
New York Yankees 1 DJ LeMahieu 2B
47%
Colorado Rockies 2 Kris Bryant RF
47%
Seattle Mariners P Luis Castillo P
47%
Minnesota Twins 9 Michael A. Taylor CF
47%
New York Yankees 7 Oswaldo Cabrera LF
47%
Minnesota Twins P Pablo Lopez P
47%
Tampa Bay Rays 4 Randy Arozarena LF
47%
Seattle Mariners 3 Ty France 1B
47%
Colorado Rockies 3 Charlie Blackmon DH
46%
Seattle Mariners 1 Kolten Wong 2B
46%
Miami Marlins 1 Luis Arraez 2B
46%
Cleveland Guardians 1 Steven Kwan LF
46%
Kansas City Royals P Zach Greinke P
46%
Cleveland Guardians 2 Amed Rosario SS
45%
Seattle Mariners 5 Eugenio Suarez 3B
45%
Cincinnati Reds P Hunter Greene P
45%
Baltimore Orioles 9 Jorge Mateo SS
45%
Pittsburgh Pirates 6 Ke'Bryan Hayes 3B
45%
Detroit Tigers 3 Riley Greene CF
45%
Milwaukee Brewers 4 Rowdy Tellez 1B
45%
Los Angeles Angels 1 Taylor Ward LF
45%
Atlanta Braves 8 Travis d'Arnaud DH
45%
Chicago White Sox 7 Yasmani Grandal C
45%
Pittsburgh Pirates 3 Andrew McCutchen DH
44%
Chicago Cubs 3 Ian Happ LF
44%
Chicago Cubs P Marcus Stroman P
44%
Milwaukee Brewers 3 Willy Adames SS
44%
Seattle Mariners 6 Cal Raleigh C
43%
Chicago Cubs 1 Nico Hoerner 2B
43%
New York Yankees 6 Gleyber Torres DH
42%
Toronto Blue Jays 4 Daulton Varsho LF
41%
Arizona Diamondbacks 5 Evan Longoria 3B
41%
Toronto Blue Jays P Alek Manoah P
40%
Cleveland Guardians 6 Andres Gimenez 2B
40%
Baltimore Orioles 7 Austin Hays RF
40%
Toronto Blue Jays 6 Brandon Belt DH
40%
Arizona Diamondbacks 8 Gabriel Moreno C
40%
Cleveland Guardians 5 Josh Naylor 1B
40%
Washington Nationals 1 Lane Thomas RF
40%
Chicago White Sox 5 Yoan Moncada 3B
40%
Chicago White Sox 4 Eloy Jimenez DH
39%
Los Angeles Angels 5 Hunter Renfroe RF
39%
San Francisco Giants 4 Joc Pederson DH
39%
Miami Marlins 5 Jorge Soler DH
39%
Boston Red Sox 4 Masataka Yoshida LF
39%
Tampa Bay Rays P Shane McClanahan P
39%
St. Louis Cardinals 9 Tommy Edman 2B
39%
Baltimore Orioles 8 Adam Frazier 2B
38%
Minnesota Twins 1 Max Kepler RF
38%
Los Angeles Dodgers 9 Miguel Rojas SS
38%
Detroit Tigers 5 Spencer Torkelson 1B
38%
Chicago Cubs 7 Eric Hosmer 1B
37%
Los Angeles Dodgers 8 James Outman CF
37%
Arizona Diamondbacks 1 Kyle Lewis DH
37%
Chicago Cubs 5 Trey Mancini DH
37%
Pittsburgh Pirates 4 Carlos Santana 1B
36%
Oakland Athletics 9 Esteury Ruiz CF
36%
Texas Rangers 6 Jonah Heim C
36%
New York Yankees 8 Jose Trevino C
36%
Washington Nationals 5 Keibert Ruiz C
36%
Toronto Blue Jays 9 Kevin Kiermaier CF
36%
Miami Marlins 2 Jean Segura 3B
35%
San Francisco Giants 1 LaMonte Wade Jr. 1B
35%
St. Louis Cardinals P Miles Mikolas P
35%
Pittsburgh Pirates P Mitch Keller P
35%
Toronto Blue Jays 8 Whit Merrifield 2B
35%
Chicago White Sox 6 Andrew Benintendi LF
34%
New York Mets 8 Eduardo Escobar 3B
34%
Texas Rangers 5 Josh Jung 3B
34%
Arizona Diamondbacks 6 Nick Ahmed SS
33%
Baltimore Orioles P Kyle Gibson P
32%
Los Angeles Dodgers 7 Miguel Vargas 2B
32%
Boston Red Sox 6 Triston Casas 1B
32%
St. Louis Cardinals 6 Tyler O'Neill CF
32%
New York Mets 7 Daniel Vogelbach DH
31%
Minnesota Twins 7 Joey Gallo 1B
31%
Los Angeles Angels 9 Logan O'Hoppe C
31%
San Diego Padres 6 Matt Carpenter DH
31%
San Francisco Giants 5 Mike Yastrzemski CF
31%
Chicago Cubs 8 Patrick Wisdom 3B
31%
Cleveland Guardians 9 Myles Straw CF
30%
Washington Nationals P Patrick Corbin P
30%
Kansas City Royals 4 Vinnie Pasquantino 1B
30%
Miami Marlins 3 Garrett Cooper 1B
29%
Colorado Rockies P German Marquez P
29%
San Francisco Giants 2 Michael Conforto RF
29%
Kansas City Royals 2 MJ Melendez RF
29%
Oakland Athletics 1 Tony Kemp 2B
29%
Cincinnati Reds 4 Tyler Stephenson C
29%
Minnesota Twins 8 Christian Vazquez C
28%
Boston Red Sox P Corey Kluber P
28%
St. Louis Cardinals 2 Lars Nootbaar LF
28%
Chicago Cubs 6 Yan Gomes C
28%
Washington Nationals 9 C.J. Abrams SS
27%
Colorado Rockies 6 Ryan McMahon 2B
27%
Los Angeles Dodgers 6 David Peralta LF
26%
Arizona Diamondbacks 9 Jake McCarthy RF
26%
Seattle Mariners 7 Jarred Kelenic LF
26%
Milwaukee Brewers 2 Jesse Winker DH
26%
Los Angeles Angels 6 Luis Rengifo 2B
26%
San Francisco Giants 6 Thario Estrada 2B
26%
Cincinnati Reds 6 Wil Myers RF
26%
Oakland Athletics 4 Seth Brown LF
25%
Cincinnati Reds 7 Spencer Steer 3B
25%
San Francisco Giants 3 Wilmer Flores 3B
25%
Boston Red Sox 5 Adam Duvall DH
24%
Tampa Bay Rays 9 Jose Siri CF
24%
New York Mets 6 Mark Canha LF
24%
Houston Astros 9 Mauricio Dubon 2B
24%
Los Angeles Angels 7 Brandon Drury 1B
23%
Philadelphia Phillies 4 Darick Hall 1B
23%
San Diego Padres 9 David Dahl RF
23%
Chicago White Sox 8 Elvis Andrus 2B
23%
Los Angeles Angels 8 Gio Urshela SS
23%
Miami Marlins 8 Jacob Stallings C
23%
Houston Astros 7 Jake Meyers CF
23%
Cleveland Guardians 8 Mike Zunino C
23%
Colorado Rockies 9 Ezequiel Tovar SS
21%
Kansas City Royals 5 Franmil Reyes DH
21%
Washington Nationals 3 Jeimer Candelario 3B
21%
Minnesota Twins 6 Nick Gordon 2B
21%
Texas Rangers 7 Robbie Grossman RF
21%
St. Louis Cardinals 1 Brendon Donovan 2B
20%
Boston Red Sox 7 Christian Arroyo 2B
20%
Tampa Bay Rays 3 Isaac Paredes 3B
20%
Philadelphia Phillies 8 Jake Cave LF
20%
Minnesota Twins 5 Jose Miranda 3B
20%
Oakland Athletics 6 Ramon Laureano RF
20%
Milwaukee Brewers 7 Cal Mitchell CF
19%
Colorado Rockies 8 Harold Castro LF
19%
Oakland Athletics 7 Jace Peterson 3B
19%
Washington Nationals 2 Joey Meneses DH
19%
Miami Marlins 9 Joey Wendle SS
19%
Detroit Tigers 8 Jonathan Schoop 2B
19%
St. Louis Cardinals 7 Nolan Gorman DH
19%
New York Mets 9 Omar Narvaez C
19%
Boston Red Sox 8 Reese McGuire C
19%
Cincinnati Reds 2 TJ Friedl CF
19%
Pittsburgh Pirates 9 Austin Hedges C
18%
Milwaukee Brewers 9 Bryce Turang 2B
18%
Tampa Bay Rays 8 Christian Bethancourt C
18%
Detroit Tigers 4 Eric Haase C
18%
Cincinnati Reds 3 Jake Fraley DH
18%
Tampa Bay Rays 6 Manuel Margot RF
18%
Kansas City Royals 7 Hunter Dozier 3B
17%
Pittsburgh Pirates 7 Jack Suwinski LF
17%
Oakland Athletics 5 Jesus Aguilar 1B
17%
Texas Rangers 8 Brad Miller DH
16%
Oakland Athletics 8 Shae Langeliers C
16%
Washington Nationals 8 Victor Robles CF
16%
Detroit Tigers 1 Matt Vierling RF
15%
Minnesota Twins 4 Trevor Larnach LF
15%
Detroit Tigers 6 Austin Meadows LF
14%
Kansas City Royals 8 Kyle Isbel CF
14%
Kansas City Royals 6 Michael Massey 2B
13%
Cincinnati Reds 8 Will Benson LF
13%
Washington Nationals 6 Alex Call LF
12%
Seattle Mariners 8 Tommy La Stella DH
12%
San Francisco Giants 8 Blake Sabol LF
11%
Colorado Rockies 5 Elehuris Montero 3B
11%
Oakland Athletics P Kyle Muller P
11%
Cleveland Guardians 7 Will Brennan RF
11%
Kansas City Royals 9 Edward Olivares LF
10%
Pittsburgh Pirates 5 Canaan Smith-Njigba RF
9%
Cincinnati Reds 9 Jose Barrero SS
9%
Chicago White Sox 9 Romy Gonzales RF
9%
Chicago White Sox 3 Andrew Vaughan 1B
8%
Cincinnati Reds 5 Jason Vosler 1B
6%
Chicago Cubs 9 Miles Mastrobuoni RF
6%
Oakland Athletics 2 Connor Capel DH
5%
Detroit Tigers 9 Ryan Kreidler 3B
5%
No matching quizzes found
Score Distribution
Percent of People with Each Score
Percentile by Number Answered
Your Score History
You have not taken this quiz